Supreme Court on OBC Reservation : (Record no. 619957)

MARC details
000 -LEADER
fixed length control field 00511nam a2200193 a 4500
008 - FIXED-LENGTH DATA ELEMENTS--GENERAL INFORMATION
fixed length control field 260425s2008##################000#0#eng##
020 ## - INTERNATIONAL STANDARD BOOK NUMBER
ISBN 9788170121473
082 04 - DEWEY DECIMAL CLASSIFICATION NUMBER
Classification number 378.008694
Item number SUR
100 1# - MAIN ENTRY--AUTHOR NAME
Personal name Malik, Surendra,
245 10 - TITLE STATEMENT
Title Supreme Court on OBC Reservation :
260 ## - PUBLICATION, DISTRIBUTION, ETC. (IMPRINT)
Year of publication 2008.
300 ## - PHYSICAL DESCRIPTION
Number of Pages 720 pages
650 #0 - SUBJECT ADDED ENTRY--TOPICAL TERM
Topical Term People with social disabilities.
942 ## - ADDED ENTRY ELEMENTS (KOHA)
Koha item type English Books
Holdings
Withdrawn status Lost status Damaged status Not for loan Home library Current library Shelving location Date acquired Full call number Accession Number Price effective from Koha item type
        Anna Centenary Library Anna Centenary Library 4TH FLOOR, B WING 25.04.2026 378.008694 SUR 114442 25.04.2026 English Books

Find us on the map